01010nas a2200289Ia 4500001002300000003001000023008004100033040002500074041001300099100002200112210001100134222001100145240003000156245003000186250001100216260000900227501012300236300001400359362003100373500005500404650003000459700001100489942000700500957000600507999003200513952017500545dd16-2373 [d000002493]IT-MiCISF161014c99999999xx |||||||||||| ||und|| aIT-MiCISFcIT-MiCISF aFRANCESE aFonlupt Dominique aLa vie aLa vie aLa naissance d'une mère 0aLa naissance d'une mère a1a ed. c1995 bCISF - Centro Internazionale Studi Famiglia - Via Giotto, 36 20145 MILANO (non commercial uses only)cCopyright 2016 app. 66-71 a n. 2641, 5 ottobre [1995] a Tema: maternità, vissuto-maternità, conflitto agenitorialitàvarticolo aAA.VV. cCR 71 a2373bSig1c219755d219755 0010406DD_162373_D00000249371aCISFbCISFd2016-10-14l0odd16-2373 [d000002493]r2016-10-14 00:00:00w2016-10-14yCRzData import 15.10.2016 / by Epidotti, Vaglietti